000 00671nam a2200229Ia 4500
005 20250117103604.0
008 008 250103s9999 xx 000 0 eng d
020 _a9781108838733
037 _aTextual
040 _aCSL
_beng
_cCSL
041 _aeng
_2eng
084 _aCN1 R3
_qCSL
100 _aNastase, Horatiu
_9731831
245 0 _aQuantum mechanics: A gradute course
_cNastase, Horatiu
260 _aCambridge
_bCambridge University Press
_c2023
300 _axxi, 656p. ill.
650 _a Nuclear quantum mechanics
_9734067
650 _a Scattering theory
650 _aPhysics
942 _cTEXL
_hCN1 R3
999 _c1237816
_d1237816